[Event "49th CHN-ch 2018"]
[Site "Xinghua"]
[Date "2018.04.22"]
[Round "5"]
[White "Bai, Jinshi"]
[Black "Zhou, Jianchao"]
[Result "1/2-1/2"]
[WhiteElo "2586"]
[BlackElo "2616"]
[Annotator "TA"]
[PlyCount "59"]
[EventDate "2018.??.??"]
[EventCountry "CHN"]
[SourceTitle "playchess.com"]
[Source "ChessBase"]
[SourceQuality "1"]

{[%evp 19,59,8,24,18,14,16,8,9,19,0,20,0,0,0,0,0,0,0,10,0,0,0,0,0,0,0,0,0,0,0,0,0,0,0,0,0,4,5,7,-8,0,0]} 1. Nf3 d5 2. g3 Nf6 3. Bg2 c6 4. O-O Bg4 5. d3 Nbd7 6. h3 Bxf3 {A07: Réti Opening: New York and Capablanca Systems} 7. Bxf3 e5 8. e4 dxe4 9. dxe4 Bc5 10. a4 a5 {LiveBook: 5 Games} 11. Qe2 O-O {The position is equal.} 12. Nd2 Qc7 13. Rd1 $146 ({Predecessor:} 13. Nb3 Bb6 14. Qc4 Rfd8 15. Rd1 h6 16. Bd2 Nf8 17. Bc3 Ne6 18. Kg2 c5 19. Rxd8+ Rxd8 {½-½ (79) Sargissian,G (2670)-Shirov,A (2679) Douglas 2016}) 13... Rfb8 14. Nb3 Bb4 15. Bd2 Bxd2 16. Qxd2 Nf8 17. Qd6 Qxd6 18. Rxd6 Ne6 19. Bg2 Kf8 20. Rdd1 Ke7 21. h4 Nd7 22. Bh3 Ndc5 23. Bxe6 Nxe6 24. f3 f6 25. Kf2 Rd8 26. Ke3 Rxd1 27. Rxd1 b6 28. h5 Rd8 29. Rxd8 Nxd8 30. c4 {Precision: White = 82%, Black = 89%.} 1/2-1/2

[Event "49th CHN-ch 2018"]
[Site "Xinghua"]
[Date "2018.04.22"]
[Round "5"]
[White "Wen, Yang"]
[Black "Liu, Guanchu"]
[Result "1/2-1/2"]
[WhiteElo "2585"]
[BlackElo "2459"]
[Annotator "TA"]
[PlyCount "61"]
[EventDate "2018.??.??"]
[EventCountry "CHN"]
[SourceTitle "playchess.com"]
[Source "ChessBase"]
[SourceQuality "1"]

{[%evp 10,61,10,12,24,20,19,0,0,0,25,0,0,-8,9,-27,-41,-23,-24,-48,-38,-38,0,-29,51,53,42,40,48,36,46,38,70,59,52,27,85,75,72,70,64,87,73,47,43,46,46,46,46,46,41,7,6,6]} 1. g3 e5 2. c4 f5 3. Bg2 Nf6 4. Nc3 Bb4 5. Qb3 a5 6. a3 {LiveBook: 3 Games. A21: English Opening: 1...e5 2 Nc3} Bxc3 (6... Bc5 7. Qb5 Na6 8. Qxa5 O-O 9. Na4 b6 10. Qc3 Bxf2+ 11. Kxf2 Ne4+ 12. Bxe4 fxe4+ 13. Ke1 {½-½ (39) Stevic,H (2624)-Sulava,N (2514) Opatija 2012}) 7. Qxc3 d6 {[%cal Bd7d6,Bd6e5,Be5e4][%mdl 32]} 8. d3 O-O $146 ({Predecessor:} 8... Nc6 9. e3 O-O 10. Ne2 Qe8 11. O-O Qh5 12. Qc2 f4 13. exf4 {½-½ (52) Zalimaite,I (1909)-Narmontas,R (2109) Plunge 2012}) 9. Bg5 Nc6 10. f4 Qe8 11. fxe5 dxe5 12. Bxc6 (12. Bxf6 $5 Rxf6 13. Bd5+ Kh8 14. Nf3 $11) 12... Qxc6 13. Nf3 {[%cal Bg1f3,Bf3d2,Bd2b3,Bb3d4,Bd4f5][%mdl 32]} Nd7 14. O-O-O Qe6 15. d4 e4 16. Nd2 b6 ({Black should play} 16... b5 $11) 17. d5 $36 {[%mdl 2048] White has the initiative.} Qg6 18. Bf4 c6 19. dxc6 Qxc6 20. Nb3 Ba6 21. Rd6 Qb7 22. Rhd1 Rf7 (22... Nf6 $11 {remains equal.}) 23. Nd4 Rc8 24. b3 a4 $1 {[%cal Ra4b3] [#] Strongly threatening ...axb3.} 25. Nxf5 $1 {Threatens to win with R6d4.} axb3 26. R6d4 (26. Ne3 {with more complications.} Bxc4 27. Nxc4 b5 28. Qxb3 Rxc4+ 29. Kb1) 26... Rxf5 27. Rxd7 Qxd7 28. Rxd7 {[%csl Gd7][%cal Rc3g7] [#]} Rxc4 29. Rxg7+ Kh8 30. Rc7+ (30. Qxc4 $5 Bxc4 31. Re7 $16) 30... Rxc3+ 31. Rxc3 {Precision: White = 62%, Black = 50%.} 1/2-1/2

[Event "49th CHN-ch 2018"]
[Site "Xinghua"]
[Date "2018.04.22"]
[Round "5"]
[White "Xu, Xiangyu"]
[Black "Lu, Shanglei"]
[Result "1/2-1/2"]
[WhiteElo "2574"]
[BlackElo "2640"]
[Annotator "TA"]
[PlyCount "60"]
[EventDate "2018.??.??"]
[EventCountry "CHN"]
[SourceTitle "playchess.com"]
[Source "ChessBase"]
[SourceQuality "1"]

{[%evp 17,60,3,8,0,0,0,0,1,4,0,26,36,51,50,27,35,52,32,38,45,35,10,33,32,45,33,47,47,61,26,54,9,38,20,26,17,28,13,22,27,27,7,14,11,15]} 1. d4 Nf6 2. c4 e6 3. g3 d5 4. Bg2 Be7 5. Nf3 {[%cal Bg1f3,Bf3d4,Bd4b5][%mdl 32]} O-O 6. b3 dxc4 7. bxc4 c5 8. O-O cxd4 {A14: English Opening: 1...e6 with b3 by White} 9. Nxd4 e5 {LiveBook: 3 Games} 10. Nb5 {Threatens to win with Qxd8.} Nc6 {[%cal Bb8c6,Bc6a5,Ba5c4][%mdl 32]} 11. N1c3 Na5 $146 ({Predecessor:} 11... a6 12. Qxd8 Rxd8 13. Nc7 Rb8 14. Bg5 Rd4 15. Rac1 Rxc4 16. N3d5 Rxc1 17. Nxe7+ Nxe7 18. Rxc1 {½-½ (31) Ding,L (2772)-Nisipeanu,L (2672) Antalya 2017}) 12. Qxd8 Rxd8 13. Be3 Nxc4 14. Bxa7 Bb4 {[#] Hoping for ...Bxc3.} 15. Rfc1 $1 Bd7 {Strongly threatening ...Bxc3.} 16. a4 Bxc3 17. Rxc3 Bxb5 $1 18. axb5 Nd6 19. b6 Nfe8 20. Rc5 f6 21. Rac1 Rd7 22. Bd5+ Kf8 23. h4 (23. Be6 $5 {[%cal Re6d7]} Re7 24. Bb3 $16) 23... Rad8 24. e4 Re7 25. h5 g6 26. hxg6 hxg6 27. Kg2 f5 28. exf5 gxf5 29. Bf3 Kf7 30. Rd1 Kf6 {Precision: White = 55%, Black = 59%.} 1/2-1/2

[Event "49th CHN-ch 2018"]
[Site "Xinghua"]
[Date "2018.04.22"]
[Round "5"]
[White "Xu, Jun"]
[Black "Xu, Yi"]
[Result "1/2-1/2"]
[WhiteElo "2501"]
[BlackElo "2522"]
[Annotator "TA"]
[PlyCount "62"]
[EventDate "2018.??.??"]
[EventCountry "CHN"]
[SourceTitle "playchess.com"]
[Source "ChessBase"]
[SourceQuality "1"]

{[%evp 24,62,0,0,-5,-8,3,11,44,46,93,100,125,102,115,86,111,30,45,52,50,22,29,29,29,29,29,29,29,26,29,29,29,0,0,0,9,10,16,0,0]} 1. c4 Nf6 2. Nc3 e6 3. e4 d5 4. e5 d4 5. exf6 dxc3 6. bxc3 Qxf6 7. d4 e5 8. Nf3 Nc6 {A18: English Opening: Flohr-Mikenas System (1 c4 Nf6 2 Nc3 e6 3 e4)} 9. Bg5 Qg6 10. d5 Nb8 11. h4 h6 12. h5 Qd6 13. Be3 {LiveBook: 9 Games} Nd7 14. c5 Nxc5 15. Bb5+ {[#]} Kd8 $146 16. O-O {[#] And now Bxc5 would win.} Qf6 17. d6 $1 Nd7 18. dxc7+ Kxc7 19. Qd5 {Threatens to win with Qc4+.} Qe6 {[#]} 20. Qxe6 ({White should try} 20. Qd2 $1 $16) 20... fxe6 $11 21. Rfd1 Bd6 22. Nd2 Bc5 23. Bxd7 Bxe3 24. Bxc8 Bxd2 $1 25. Bxb7 Rad8 $1 26. Be4 $36 {[%mdl 2048] Black must now prevent Rab1. White fights for an advantage.} Rd6 27. Rab1 {Hoping for Rb7+.} Rb8 28. Rb3 Rxb3 {The position is equal.} 29. axb3 a5 30. Kf1 Kd7 31. Ke2 Bxc3 {Precision: White = 44%, Black = 79%.} 1/2-1/2

[Event "49th CHN-ch 2018"]
[Site "Xinghua"]
[Date "2018.04.22"]
[Round "5"]
[White "Wang, Chen"]
[Black "Zeng, Chongsheng"]
[Result "0-1"]
[WhiteElo "2495"]
[BlackElo "2542"]
[Annotator "TA"]
[PlyCount "88"]
[EventDate "2018.??.??"]
[EventCountry "CHN"]
[SourceTitle "playchess.com"]
[Source "ChessBase"]
[SourceQuality "1"]

{[%evp 9,88,0,10,8,8,11,21,16,76,81,82,62,41,46,122,99,99,2,92,90,62,28,40,-27,47,42,58,54,73,-34,-23,-33,-38,-71,-61,-56,-66,-280,-66,-58,-64,-69,-57,-64,-76,-88,-95,-146,-136,-143,-122,-108,-101,-119,-114,-154,-148,-211,-205,-217,0,0,0,0,20,-5,0,-40,-10,-89,0,0,0,0,0,-37,0,-770,-758,-29997,-29997]} 1. e4 d5 2. Nc3 dxe4 3. Nxe4 e5 (3... Nd7 4. Nf3 Ngf6 5. Nxf6+ Nxf6 6. d4 g6 7. Bc4 Bg7 8. O-O O-O 9. c3 Bg4 10. h3 Bxf3 11. Qxf3 c6 12. Re1 Ne8 13. Bb3 e6 14. Bf4 a5 15. a4 Nc7 16. Re2 Nd5 17. Bg3 Qf6 18. Qe4 Qf5 19. Qxf5 gxf5 20. Bh2 {½-½ (30) Dubov,D (2648)-Rakhmanov,A (2641) St Petersburg 2016}) 4. Bb5+ Bd7 5. Qe2 Nc6 {Hoping for ...Nd4.} 6. Nf3 {Black must now prevent d4! A00: Irregular Openings} Qe7 $1 7. O-O $146 ({Predecessor:} 7. Nc3 f6 8. O-O O-O-O 9. d3 Nd4 10. Nxd4 exd4 11. Qxe7 Nxe7 12. Bxd7+ Rxd7 {1-0 (61) Fantoni,F (1656)-Reilly,H (1553) IECC email 2000}) 7... O-O-O 8. c3 {The position is equal.} h5 (8... a6 $11 {remains equal.} 9. Bxc6 Bxc6) 9. b4 $16 Qe8 10. d3 h4 11. h3 Kb8 ({Better is} 11... f6 $14) 12. a4 f6 13. Re1 (13. Bc4 $16) 13... Qg6 (13... g5 $1 $11 {keeps the balance.}) 14. Kh1 Nh6 15. Nxh4 Qh7 $1 16. Kg1 (16. Nf3 $14) 16... Be7 (16... Nf7 $1 $11 17. Bxc6 Bxc6) 17. Bxc6 $14 Bxc6 18. Bxh6 $1 gxh6 {[%cal Bg7h6,Bh6h5][%mdl 32]} 19. Qf3 ({White should play} 19. b5 $16 Bd5 20. Ng3) 19... f5 $1 $15 {[%cal Rf5e4]} 20. Nxf5 Rdf8 21. g4 h5 22. Kf1 Bd7 $1 23. Qe3 $2 (23. Ke2 $15) 23... Bxf5 $2 (23... hxg4 $1 $19 24. Nxe7 Qxe7) 24. gxf5 Rxf5 ({Don't play} 24... Qxf5 $6 25. Ke2 $14) 25. Ke2 Rhf8 {[%mdl 1024] Black has compensation.} 26. f3 Rf4 27. Rh1 Qf7 {[%cal Rf4f3]} 28. Raf1 (28. Rhf1 $142) 28... Qa2+ $1 $17 29. Qd2 Qxa4 30. Rhg1 Qd7 31. Rg7 Qe6 32. Qe3 b6 33. Rh7 (33. b5 $17 {was worth a try.}) 33... Bh4 $19 34. Rxh5 Rg8 $2 ({Stronger than} 34... Qxh3 35. Nd2 $11) (34... Qg6 $19 35. Rxe5 Qg2+ 36. Rf2 Bxf2 37. Qxf2 Qxh3) 35. Rg1 $1 $11 Qa2+ 36. Nd2 {Strongly threatening Rxg8+.} Bf6 37. Rg4 Rd8 38. Rh7 Qc2 39. c4 {[#]} (39. b5 $11) 39... Rfd4 (39... Bg5 $1 $17 {[%mdl 512]} 40. Rxg5 Rfd4) 40. Rxd4 exd4 41. Qe4 $1 Rg8 $40 {[%mdl 128] White needs to defend precisely.} 42. Qc6 Bd8 {( -> ...Rg2+)} 43. f4 $2 {[%mdl 8192]} (43. Qd7 $11) 43... Rg3 $19 44. Qd7 Re3+ {Precision: White = 37%, Black = 61%.} 0-1

[Event "49th CHN-ch 2018"]
[Site "Xinghua"]
[Date "2018.04.22"]
[Round "5"]
[White "Liu, Yan"]
[Black "Fang, Yuxiang"]
[Result "1/2-1/2"]
[WhiteElo "2481"]
[BlackElo "2502"]
[Annotator "TA"]
[PlyCount "61"]
[EventDate "2018.??.??"]
[EventCountry "CHN"]
[SourceTitle "playchess.com"]
[Source "ChessBase"]
[SourceQuality "1"]

{[%evp 18,61,25,29,30,30,22,26,20,27,29,29,26,30,21,25,28,18,26,22,21,15,22,8,3,0,5,0,16,14,18,7,16,10,18,18,27,18,18,12,16,12,22,12,33,0]} 1. Nf3 d5 2. e3 Nf6 3. c4 c6 4. Nc3 g6 5. d4 Bg7 6. Be2 O-O 7. O-O a6 {[%cal Ba7a6,Ba6a5][%mdl 32]} 8. a4 a5 9. b3 {D94: Grünfeld: 4 Nf3 Bg7 5 e3} (9. cxd5 cxd5 10. Qb3 Nc6 11. Bd2 Rb8 12. Rfc1 Bf5 13. Be1 Nb4 14. Nb5 Nc6 15. Nc3 Nb4 16. Nb5 Nc6 17. Nc3 {½-½ (17) Liu,Y (2413)-Fang,Y (2493) Chengdu 2017}) 9... Na6 10. Ba3 {LiveBook: 7 Games} Nb4 11. Rc1 $146 {White has an edge.} ({Predecessor:} 11. Bxb4 axb4 12. Na2 dxc4 13. Bxc4 c5 14. dxc5 Qa5 15. Qe1 Ne4 16. Nd4 Qxc5 17. Qxb4 Qxb4 18. Nxb4 {1-0 (58) Nyback,T (2591)-Zaibi,A (2297) Tromsoe 2014}) 11... Ne4 12. cxd5 Nxc3 13. Rxc3 {aiming for dxc6.} Nxd5 14. Rc1 Bg4 15. h3 Bxf3 16. Bxf3 Re8 17. Qd3 e6 18. Rfd1 Bf8 19. Bxf8 Rxf8 20. Bxd5 exd5 21. Rc5 Qb6 22. Qc3 Ra6 23. Rb1 Rb8 24. Qd2 Kg7 25. Qe1 Kg8 26. Qc3 Qa7 27. Qd2 Qb6 28. Rb2 Kg7 29. Qe1 Kg8 30. Qc3 Qa7 31. Qe1 {Precision: White = 54%, Black = 42%.} 1/2-1/2

[Event "49th CHN-ch 2018"]
[Site "Xinghua"]
[Date "2018.04.23"]
[Round "6"]
[White "Zhou, Jianchao"]
[Black "Fang, Yuxiang"]
[Result "1/2-1/2"]
[WhiteElo "2616"]
[BlackElo "2502"]
[Annotator "TA"]
[PlyCount "155"]
[EventDate "2018.??.??"]
[EventCountry "CHN"]
[SourceTitle "playchess.com"]
[Source "ChessBase"]
[SourceQuality "1"]

{[%evp 21,155,46,53,41,49,43,64,44,47,42,46,49,60,54,54,55,63,50,125,126,138,143,143,140,134,122,143,144,149,145,152,106,123,97,116,124,124,123,131,160,120,83,86,65,65,57,60,35,35,35,35,37,38,40,59,59,59,59,59,59,59,59,59,59,59,59,59,59,59,59,116,59,59,0,59,59,59,59,59,59,59,59,59,59,59,59,59,59,59,59,59,59,59,0,12,12,14,12,31,31,29,0,0,0,0,0,0,0,0,0,0,0,0,0,0,0,0,0,0,-11,0,0,0,0,0,0,0,0,0,0,0,0,0,0,0,0]} 1. d4 d5 2. c4 e6 3. Nc3 Nf6 4. cxd5 exd5 5. Bg5 c6 6. e3 Bf5 7. Qf3 Be6 8. Bxf6 {D35: Queen's Gambit Declined: Exchange Variation} Qxf6 9. Qxf6 gxf6 10. Bd3 Nd7 11. Nge2 Nb6 {LiveBook: 19 Games} 12. Rc1 (12. Nf4 Nc8 13. f3 h5 14. h4 Bd6 15. Nce2 Bd7 {1-0 (54) Giri,A (2762)-Zvjaginsev,V (2643) Antalya 2017}) (12. O-O-O Nc8 13. e4 Nd6 14. exd5 cxd5 15. Kb1 Bh6 {½-½ (52) Zhou,J (2595)-Fang,Y (2477) Beijing 2017}) 12... Nc8 $146 ({Predecessor:} 12... Bb4 13. a3 Bxc3+ 14. bxc3 Nc4 15. Bxc4 dxc4 {½-½ (70) Rakhmanov,A (2605)-Karpov,V (2373) Moscow 2010}) 13. Nf4 Nd6 14. f3 Bh6 15. Nce2 Kd7 16. Kf2 Rae8 17. g4 f5 18. h3 {[%cal Bh2h3,Bh3h4][%mdl 32]} Bg5 19. Ng2 h5 (19... h6 $14) 20. h4 $16 {Hoping for gxf5.} Be7 {[#]} 21. g5 $1 Reg8 22. Ngf4 Ne8 23. b4 a6 24. Rb1 Bd6 25. a4 {[%cal Ba2a4,Ba4a5][%mdl 32]} Ng7 26. a5 Kd8 27. Bc2 Bd7 28. Nd3 Re8 29. f4 Reg8 30. Ne5 Be6 31. Nc1 Ne8 {[%cal Bg7e8,Be8f6,Bf6e4][%mdl 32]} 32. Ncd3 f6 33. Nf3 Be7 34. gxf6 Nxf6 35. Ng5 Ne4+ 36. Ke1 Rh6 ({Much weaker is} 36... Bxg5 37. fxg5 Ke7 38. Rg1 $16) 37. Nc5 Nxc5 38. bxc5 Kc7 39. Kf2 Bd7 40. Rb6 $36 {[%mdl 2048] White is pushing.} Rf6 41. Bd1 Rh6 42. Bf3 {And now Rhb1 would win.} Rhh8 43. Be2 Bc8 44. Rbb1 Bd7 45. Rbg1 Kc8 {[#]} (45... Bf6 $14) 46. Kf3 (46. Nf7 $1 $16) 46... Rg7 47. Kf2 ({White should play} 47. Ra1 $14) 47... Bd8 (47... Rgg8 $1 $11) 48. Ra1 $14 Be7 49. Rh3 Bd8 50. Ke1 Be7 51. Kd2 Bd8 52. Kc3 Re7 53. Kb4 Bc7 54. Rf1 Bd8 55. Rff3 Rg7 56. Rfg3 Bf6 57. Nf3 ({White should try} 57. Rh1 $14) 57... Rhg8 58. Rxg7 Rxg7 59. Ne5 Be6 60. Kc3 Bd8 61. Bxh5 {Black must now prevent Bg6.} Rh7 $1 {[%cal Rh7h5] The position is equal.} 62. Bg6 Rxh4 63. Rxh4 Bxh4 $11 {[%mdl 4096] Endgame KBB-KBN} 64. Nf3 Bd8 65. Kb4 Kd7 66. Ng5 Ke7 67. Bh5 Kf6 68. Be8 Ke7 69. Bh5 Kf6 70. Be2 Ke7 71. Nf3 Ke8 72. Bd3 Bf6 73. Kc3 Bd8 74. Kb4 Bf6 75. Kc3 Bd8 76. Kb4 Bf6 77. Kc3 Bd8 78. Kb4 {Precision: White = 72%, Black = 67%.} 1/2-1/2

[Event "49th CHN-ch 2018"]
[Site "Xinghua"]
[Date "2018.04.23"]
[Round "6"]
[White "Bai, Jinshi"]
[Black "Xu, Jun"]
[Result "1-0"]
[WhiteElo "2586"]
[BlackElo "2501"]
[Annotator "TA"]
[PlyCount "77"]
[EventDate "2018.??.??"]
[EventCountry "CHN"]
[SourceTitle "playchess.com"]
[Source "ChessBase"]
[SourceQuality "1"]

{[%evp 24,77,6,4,9,4,20,15,45,34,72,80,95,105,116,116,91,86,169,174,167,100,204,233,208,227,597,79,74,69,140,139,134,145,428,269,285,292,616,616,616,608,608,0,0,0,569,531,1145,1145,1144,1144,1134,1126,1110,1105]} 1. Nf3 c5 2. c4 Nc6 3. Nc3 g6 4. e3 Nf6 5. d4 cxd4 6. exd4 d5 7. cxd5 Nxd5 8. Bc4 Nb6 9. Bb3 Bg7 10. d5 Na5 11. O-O O-O 12. h3 {D94: Grünfeld: 4 Nf3 Bg7 5 e3} Nxb3 13. axb3 {LiveBook: 11 Games} Qd6 {[#]} 14. Re1 $146 {The position is equal.} ({Predecessor:} 14. Ra5 Qd8 15. Bg5 h6 16. Bh4 f5 17. Re1 g5 18. Nxg5 hxg5 19. Bxg5 Rf7 {1-0 (30) Ni,H (2654)-Ghaem Maghami,E (2556) Sharjah 2014}) 14... Bd7 15. Be3 Rfe8 16. Ne4 Qb8 17. Bd4 Bxd4 18. Qxd4 Bf5 19. Ng3 Bd7 20. Rad1 Qd8 (20... f6 $16) 21. h4 $18 e6 22. d6 (22. Ne4 $1 $18 {[%cal Re4f6]} Nxd5 23. Ne5) 22... Bc6 (22... f6 $16) 23. Ne5 $1 $40 {[%cal Re5g4][%mdl 128] Black must now prevent Ng4. Black is in trouble.} Nd7 24. Nxd7 $1 Qxd7 $2 {[#]} (24... Bxd7 25. h5 Rc8) 25. Qf6 $2 (25. Nh5 $1 $18 {[%mdl 512] is the precise move to win.} gxh5 26. Rd3) 25... Qd8 $16 26. Qf4 e5 (26... f5 $1 $14) 27. Rxe5 Rxe5 28. Qxe5 Qxh4 $2 {[%mdl 8192]} (28... Qe8 $16 29. Qd4 Qe6) 29. Rd4 Qh6 30. d7 Rd8 $2 {[#]} (30... Qc1+ 31. Nf1 Rd8) 31. Ne4 $1 $18 Qc1+ 32. Kh2 {Intending Nf6+ and mate.} Qh6+ 33. Kg1 {Nf6+ is the strong threat.} Qc1+ 34. Kh2 {White wants to mate with Nf6+.} Qh6+ 35. Kg3 {White is clearly winning.} g5 {intending ...Qh4+.} 36. Nf6+ Kf8 37. Rg4 Rxd7 38. Rxg5 {[%csl Gf6][%cal Rg5g8]} Rd3+ 39. f3 {Precision: White = 61%, Black = 28%.} 1-0

[Event "49th CHN-ch 2018"]
[Site "Xinghua"]
[Date "2018.04.23"]
[Round "6"]
[White "Zeng, Chongsheng"]
[Black "Wen, Yang"]
[Result "1/2-1/2"]
[WhiteElo "2542"]
[BlackElo "2585"]
[Annotator "TA"]
[PlyCount "190"]
[EventDate "2018.??.??"]
[EventCountry "CHN"]
[SourceTitle "playchess.com"]
[Source "ChessBase"]
[SourceQuality "1"]

{[%evp 20,190,-33,-44,-17,-57,-56,-54,-35,-30,-22,-21,-39,-54,-41,-50,-25,-46,-53,-48,-64,-52,-50,-50,-41,-72,-63,-73,0,0,0,0,0,0,0,0,19,19,41,41,46,0,0,0,51,0,43,33,62,61,83,81,80,50,50,45,43,42,50,14,15,15,39,0,0,-13,-8,-31,-31,-31,-31,-39,-49,-32,-31,-31,-31,-47,-47,-47,-56,-90,-83,-89,-77,-109,-106,-93,-99,-171,-25,-25,-25,-25,-8,-32,-32,-32,-32,-32,-32,-32,-32,-32,-32,-32,-32,-32,-32,-61,-61,-272,-272,-272,-272,-272,-272,-272,-272,-277,-277,-277,-277,-277,-277,-277,-277,-277,-277,-277,-277,-277,-277,-277,-277,-277,-277,-277,-277,-277,-277,-277,-277,-277,-277,-277,-277,-277,-277,-277,-277,-277,-277,-277,-277,-277,-277,-277,-277,-329,-329,-329,-329,-328,-73,-74,-74,-115,0,-129,-136,-167,0]} 1. d4 Nf6 2. Nf3 d5 3. c4 e6 4. g3 dxc4 5. Bg2 Bb4+ 6. Nc3 O-O 7. O-O Nc6 8. e3 Rb8 9. Qe2 {E20: Nimzo-Indian: 4 g3 and 4 f3} b5 10. Rd1 Nd5 11. Bd2 {LiveBook: 12 Games. Black is slightly better.} Bd6 (11... Be7 12. e4 Nxc3 13. bxc3 Na5 14. Be3 Bb7 15. d5 exd5 16. Bxa7 Ra8 {1-0 (34) Elwert,H (2724)-Windebank,G (2611) ICCF email 2006}) 12. Ne1 $146 ({Predecessor:} 12. e4 Nxc3 13. bxc3 Na5 14. Rab1 a6 15. h4 Bb7 16. Ng5 Ba3 {½-½ (43) Valeinis,J (2489)-Pessoa,F (2550) ICCF email 2014}) 12... Nxc3 13. bxc3 Bb7 14. a4 a6 $1 15. axb5 axb5 16. Rdb1 Qd7 17. Qh5 Ba8 18. Rxb5 g6 19. Rxb8 $1 gxh5 20. Rxf8+ Kxf8 21. Rxa8+ Kg7 22. e4 e5 23. Nf3 Ne7 (23... exd4 $17 {...Be5 is the strong threat.} 24. cxd4 Qg4) 24. Ra5 $11 Ng6 25. Be3 {[%cal Rd4e5]} f6 26. dxe5 Bxe5 27. Nd4 Ne7 28. h4 Qg4 29. Bf3 $36 {[%mdl 3072] White has compensation. White has good play.} Qh3 30. Bg2 Qg4 31. Bf3 (31. Ra1 $11) 31... Qh3 $14 32. Ra6 (32. Rc5 $14) 32... Qc8 (32... Bxg3 $5 33. fxg3 Qxg3+ 34. Kf1 Qxh4 $16) 33. Ra4 Qb7 34. Kg2 Qb1 35. Rxc4 Qd3 36. Rc5 Bd6 37. Ne6+ Kg8 38. Nf4 ({Stronger than} 38. Nxc7 Bxc5 39. Bxc5 Ng6 $17) 38... Qc2 39. Ra5 Qxc3 40. Ra8+ Kf7 $1 41. Bxh5+ Ng6 42. Nxg6 hxg6 43. Bf3 Bc5 44. Bxc5 Qxc5 $15 {[%mdl 4096] Endgame KQ-KRB} 45. h5 gxh5 46. Rh8 Qc3 47. Bxh5+ Ke7 48. Rh7+ Kd6 49. Be8 Qe5 50. Bg6 c5 51. Rh5 Qb2 52. Rd5+ Kc6 53. Be8+ Kb6 54. Rd6+ {[#]} (54. Bg6 $17 {was necessary.}) 54... Kb7 (54... Ka5 $1 $19 {And now ...Qe5 would win.} 55. Bc6 Qe5) 55. Bf7 $1 $11 Kc7 56. Ra6 Qe2 57. Ra4 Qb5 58. Rc4 Kd6 59. Rc2 Qb1 60. Rc4 Qd1 61. Bg8 Kc6 62. Rc3 Qd4 63. Bd5+ Kb5 64. Rc2 {[#]} f5 $1 {[%mdl 512]} 65. Re2 $2 {[#]} ({White should try} 65. Ba8 $15) (65. exf5 Qxd5+) 65... c4 $1 $19 66. Bxc4+ Qxc4 {KQ-KR} 67. Rb2+ Kc5 68. exf5 Kd4 69. f6 Qc6+ 70. f3 Qxf6 71. Re2 Kd3 72. Re4 Qb2+ 73. Kh3 Qf2 74. Kg4 Qh2 75. Re5 Qh8 76. f4 Kd4 77. Kf3 Qh1+ 78. Kg4 Qh7 79. Kf3 Qg6 80. Kf2 Qc6 81. Re1 Qb7 82. Re5 Qh1 83. Re1 Qh2+ 84. Kf3 Qh5+ 85. Kg2 Qd5+ 86. Kh3 {Threatens to win with Rd1+.} Qf3 87. Re5 Kd3 88. Kh4 Qg2 89. g4 Qh2+ 90. Kg5 Qh7 91. Re1 Kd4 $2 (91... Kd2 $19 92. Re6 Qg8+ 93. Kf5 Qf7+ 94. Rf6 Qd5+ 95. Kg6 Qd3+ 96. f5 Ke3) 92. f5 $17 Qg7+ 93. Kh5 Qh7+ 94. Kg5 Qg8+ 95. Kh5 Qh7+ $2 {Precision: White = 68%, Black = 65%.} (95... Qh8+ $19 96. Kg5 Qg7+ 97. Kh5 Qf6) 1/2-1/2

[Event "49th CHN-ch 2018"]
[Site "Xinghua"]
[Date "2018.04.23"]
[Round "6"]
[White "Xu, Yi"]
[Black "Xu, Xiangyu"]
[Result "1/2-1/2"]
[WhiteElo "2522"]
[BlackElo "2574"]
[Annotator "TA"]
[PlyCount "61"]
[EventDate "2018.??.??"]
[EventCountry "CHN"]
[SourceTitle "playchess.com"]
[Source "ChessBase"]
[SourceQuality "1"]

{[%evp 20,61,25,28,38,33,30,31,45,39,22,24,33,29,25,20,31,0,0,0,0,-14,-13,-24,-8,-28,0,0,0,0,0,0,0,0,0,0,0,0,0,0,0,0,0,0]} 1. e4 e5 2. Nf3 Nf6 3. Nxe5 d6 4. Nf3 Nxe4 5. d4 d5 6. Bd3 Be7 7. O-O O-O 8. c4 Nc6 9. cxd5 {C42: Petroff Defence: 3 Nxe5 and unusual White 3rd moves} (9. Nc3 Nxc3 {½-½ (9) Andreev,E (2460)-Cernousek,L (2467) Orlova 2015}) 9... Qxd5 10. Nc3 Nxc3 11. bxc3 {LiveBook: 6 Games. White has an edge.} Bf5 12. Bf4 Rac8 $146 ({Predecessor:} 12... Bxd3 13. Qxd3 Bd6 14. Bxd6 Qxd6 15. d5 Ne5 16. Nxe5 Qxe5 {½-½ (16) Onoprijchuk,B (2357)-Shlegin,S (2316) Saratov 2009}) 13. Re1 Bf6 14. Rb1 {[#] And now Rb5 would win.} Bxd3 15. Qxd3 b6 16. c4 Qd7 {[%cal Rc6d4]} 17. d5 Rfe8 18. Bg5 {[%cal Bf4g5,Bg5h4,Bh4g3][%mdl 32]} Ne5 19. Nxe5 Bxe5 20. Bh4 Bd6 21. Bg3 h6 22. h3 (22. Bxd6 {is interesting.} cxd6 23. g3 f6 24. Kg2 Kf8 25. Rbc1) 22... Rxe1+ 23. Rxe1 {The position is equal.} Re8 24. Rxe8+ Qxe8 25. Bxd6 cxd6 $11 {[%mdl 4096] Endgame KQ-KQ} 26. Qa3 Qe1+ 27. Kh2 Qe5+ 28. Kg1 Qa1+ 29. Kh2 Qe5+ 30. Kg1 Qe1+ 31. Kh2 {Precision: White = 62%, Black = 66%.} 1/2-1/2